Sports Quiz

Random Sports or WWE Quiz

WWF Over The Edge Competitors Quiz Stats

 Plays Quiz not verified by Sporcle

Score 0/39 Timer 07:00
0 Plays Today
% Correct
The Rock
99%
Steve Austin
96.3%
Undertaker
95.6%
Kane
92.9%
Triple H
92.9%
Owen Hart
91.9%
Mankind
88.2%
Billy Gunn
86.1%
Road Dogg
85.8%
X-Pac
82.1%
D'Lo Brown
80.1%
Kama Mustafa
79.7%
The Big Show
78.7%
Faarooq
78%
Justin Bradshaw
76.4%
Jeff Jarrett
76%
Ken Shamrock
75.7%
Val Venis
73%
Mark Henry
71.6%
Test
68.6%
% Correct
Al Snow
67.2%
The Big Bossman
67.2%
Dude Love
67.2%
Steve Blackman
61.8%
Sable
61.1%
Hardcore Holly
59.5%
Viscera
59.1%
Marc Mero
56.1%
Animal
52.4%
Hawk
51.7%
Vader
50.3%
Sho Funaki
41.9%
Debra
40.5%
8-Ball
37.5%
Skull
36.1%
Taka Michinoku
35.8%
Nicole Bass
29.1%
Men's Teioh
22.3%
Dick Togo
18.6%

You're not logged in!

Compare scores with friends on all Sporcle quizzes.
OR
Log In

Show Comments

Extras

Top Quizzes Today


Score Distribution

Your Account Isn't Verified!

In order to create a playlist on Sporcle, you need to verify the email address you used during registration. Go to your Sporcle Settings to finish the process.

Report this User

Report this user for behavior that violates our Community Guidelines.

Details: